<?xml version="1.0" encoding="UTF-8"?>
<record
    xmlns:xsi="http://www.w3.org/2001/XMLSchema-instance"
    xsi:schemaLocation="http://www.loc.gov/MARC21/slim http://www.loc.gov/standards/marcxml/schema/MARC21slim.xsd"
    xmlns="http://www.loc.gov/MARC21/slim">

  <leader>00862nam a22002417a 4500</leader>
  <datafield tag="999" ind1=" " ind2=" ">
    <subfield code="c">66815</subfield>
    <subfield code="d">66815</subfield>
  </datafield>
  <controlfield tag="005">20240530110940.0</controlfield>
  <controlfield tag="008">180321s2016    ua j   g      000 0 ara d</controlfield>
  <datafield tag="017" ind1=" " ind2=" ">
    <subfield code="a">2016/1568</subfield>
    <subfield code="b">&#x645;&#x635;&#x631;. &#x62F;&#x627;&#x631; &#x627;&#x644;&#x643;&#x62A;&#x628;</subfield>
  </datafield>
  <datafield tag="020" ind1=" " ind2=" ">
    <subfield code="a">9789776469235</subfield>
  </datafield>
  <datafield tag="040" ind1=" " ind2=" ">
    <subfield code="a">EG-CaGPL</subfield>
  </datafield>
  <datafield tag="082" ind1="0" ind2="4">
    <subfield code="2">21</subfield>
    <subfield code="a">153.1532</subfield>
    <subfield code="b">&#x645; &#x645;</subfield>
  </datafield>
  <datafield tag="100" ind1="0" ind2=" ">
    <subfield code="a">&#x645;&#x62C;&#x62F;&#x64A; &#x645;&#x62D;&#x645;&#x62F; &#x627;&#x644;&#x62F;&#x633;&#x648;&#x642;&#x64A;</subfield>
  </datafield>
  <datafield tag="245" ind1="1" ind2="0">
    <subfield code="a">&#x645;&#x642;&#x64A;&#x627;&#x633; &#x627;&#x644;&#x644;&#x627;&#x645;&#x628;&#x627;&#x644;&#x627;&#x629; &#x627;&#x644;&#x627;&#x646;&#x641;&#x639;&#x627;&#x644;&#x64A;&#x629;</subfield>
    <subfield code="c">&#x645;&#x62C;&#x62F;&#x64A; &#x645;&#x62D;&#x645;&#x62F; &#x627;&#x644;&#x62F;&#x633;&#x648;&#x642;&#x64A;</subfield>
  </datafield>
  <datafield tag="260" ind1=" " ind2=" ">
    <subfield code="a">&#x627;&#x644;&#x642;&#x627;&#x647;&#x631;&#x629; : </subfield>
    <subfield code="b">&#x62F;&#x627;&#x631; &#x627;&#x644;&#x639;&#x644;&#x648;&#x645; &#x644;&#x644;&#x646;&#x634;&#x631; &#x648;&#x627;&#x644;&#x62A;&#x648;&#x632;&#x64A;&#x639; &#x60C;</subfield>
    <subfield code="c">2016.</subfield>
  </datafield>
  <datafield tag="300" ind1=" " ind2=" ">
    <subfield code="a">79 &#x635;. &#x61B;</subfield>
    <subfield code="b">24 &#x633;&#x645;.</subfield>
  </datafield>
  <datafield tag="650" ind1="0" ind2="7">
    <subfield code="a">&#x627;&#x644;&#x644;&#x627;&#x645;&#x628;&#x627;&#x644;&#x627;&#x629;</subfield>
  </datafield>
  <datafield tag="650" ind1="0" ind2="7">
    <subfield code="a">&#x627;&#x644;&#x625;&#x636;&#x637;&#x631;&#x627;&#x628;&#x627;&#x62A; &#x627;&#x644;&#x646;&#x641;&#x633;&#x64A;&#x629;</subfield>
  </datafield>
  <datafield tag="650" ind1="0" ind2="7">
    <subfield code="a">&#x627;&#x644;&#x625;&#x646;&#x641;&#x639;&#x627;&#x644;&#x627;&#x62A;</subfield>
  </datafield>
  <datafield tag="650" ind1="0" ind2="7">
    <subfield code="a">&#x62A;&#x623;&#x645;&#x64A;&#x646; &#x627;&#x644;&#x645;&#x639;&#x627;&#x62F;&#x646;</subfield>
  </datafield>
  <datafield tag="650" ind1="0" ind2="7">
    <subfield code="a">&#x627;&#x644;&#x645;&#x639;&#x627;&#x62F;&#x646; </subfield>
    <subfield code="x">&#x623;&#x62F;&#x648;&#x62A; &#x627;&#x644;&#x642;&#x637;&#x639; </subfield>
  </datafield>
  <datafield tag="942" ind1=" " ind2=" ">
    <subfield code="2">ddc</subfield>
    <subfield code="c">BK</subfield>
  </datafield>
  <datafield tag="952" ind1=" " ind2=" ">
    <subfield code="0">0</subfield>
    <subfield code="1">0</subfield>
    <subfield code="4">0</subfield>
    <subfield code="7">0</subfield>
    <subfield code="a">CAI</subfield>
    <subfield code="b">CAI</subfield>
    <subfield code="c">&#x627;&#x644;&#x641;&#x644;&#x633;&#x641;&#x629; &#x648;&#x639;&#x644;&#x645; &#x627;&#x644;&#x646;&#x641;&#x633;-&#x639;&#x631;&#x628;&#x649;</subfield>
    <subfield code="d">2022-11-02</subfield>
    <subfield code="l">0</subfield>
    <subfield code="o">153.1532 &#x645; &#x645;</subfield>
    <subfield code="p">168740</subfield>
    <subfield code="r">2022-11-02 00:00:00</subfield>
    <subfield code="w">2022-11-02</subfield>
    <subfield code="y">BK</subfield>
  </datafield>
</record>
